00963nam a2200193 a 450000100100000000500170001000800410002704000250006810000360009324501070012926000560023630000210029250000670031370000420038095201200042295201050054295201050064799900170075200003828220201002031221.0130408s2003 dr 000 0 spa d aDO-SdBNPbspacBNPHU1 aVillegas Quintero, Efrain9321113aEl origen de todo lo que existe /cEfrain Villegas Quintero ; prólogo Ricardo E. Velásquez Miguel. aSanto Domingo :bIrmgard Radefeldt Villegas,c2003. a259 p. ;c21 cm. aIncluye datos biográficos del autor en solapa de la cubierta1 aVelásquez Miguel, Ricardo E.964652 001154708DSaGRbGRcMId2013-09-18iLF1l0o p38282-30r2020-06-25te. 3w2020-06-25yLFDSZPréstamo en sala 0010718PDaPDbPDcHDd2013-04-08iLF1l0o p38282-10r2020-06-25w2020-06-25yLFPDZNo se presta 0011718PDaPDbPDcMId2013-09-18iLF1l0o p38282-20r2020-06-25w2020-06-25yLFPDZNo se presta c37772d37772